| 000 | 00865nam a2200241 i 4500 | ||
|---|---|---|---|
| 001 | 124711 | ||
| 003 | ES-MaACL | ||
| 005 | 20230906192459.0 | ||
| 007 | t| | ||
| 008 | 070418s1919 sp ||||1| spa d | ||
| 080 | _a821.134.2-293.5"18" | ||
| 100 | 1 |
_aPerrín, Guillermo. _991357 |
|
| 245 | 1 | 3 |
_aEl país de las hadas _b: revista de gran espectáculo en un acto, dividido en cinco cuadros, en prosa y verso / _coriginal de Guillermo Perrín y Miguel de Palacios. |
| 260 |
_a[Madrid : _bLa Novela Teatral, _c1919] |
||
| 300 |
_a8 h. ; _c20 cm. |
||
| 490 | 1 |
_aLa novela teatral ; _v146 |
|
| 500 | _aEn la cub. caricatura de Luis Reig por Tovar. | ||
| 700 | 1 |
_aPalacios, Miguel de. _988415 |
|
| 700 | 0 |
_aTovar _c, ilustrador. _9157378 |
|
| 830 | 0 |
_aLa novela teatral ; _v146 _9122427 |
|
| 852 |
_aES-MaACL _j2215-F-28 _bR.138748 |
||
| 999 |
_c124711 _d124711 |
||